000
00249 a2200097 4500
001
55656
100
_a
245
_a
Amir Khsroo ; shakyat afkaar wa khyallat wa fikr wa fun
260
_a
India
_b
Educational Productions
_c
2006
090
_c
34537
_d
34537
942
_a
NUST-CAE
_c
_c
27266
999
_c
290729
_d
290729